| 000 | 00000nam 2200000zi 4500 |
| 001 | 9.922035 |
| 003 | CaOODSP |
| 005 | 20230428095841 |
| 006 | m o d f |
| 007 | cr bn||||||||| |
| 008 | 230428t19781978onca ob f000 0 eng d |
| 020 | |a0662100956 |q(print) |
| 040 | |aCaOODSP|beng|erda|cCaOODSP |
| 041 | 0 |aeng|beng|bfre |
| 086 | 1 |aEn42-1/4-78-5E-PDF |
| 086 | 1 |aEn43-4/78-5 |
| 100 | 1 |aShannon, Earl E., |eauthor. |
| 245 | 10|aActivated sludge degradation of nitrilotriacetic acid (NTA) - metal complexes / |cby E.E. Shannon, N.W. Schmidtke and B.A. Monaghan. |
| 264 | 1|a[Burlington, Ont.] : |bWastewater Technology Centre, Environmental Protection Service, Environment Canada, |c1978. |
| 264 | 4|c©1978 |
| 300 | |a1 online resource (vi, 16 pages) : |billustrations. |
| 336 | |atext|btxt|2rdacontent |
| 337 | |acomputer|bc|2rdamedia |
| 338 | |aonline resource|bcr|2rdacarrier |
| 490 | 1 |aEnvironmental Protection Service report series |
| 500 | |a"Report no. EPS 4-WP-78-5." |
| 500 | |a"August 1978." |
| 500 | |aOn cover: Technology development, report EPS 4-WP-78-5. |
| 500 | |aDigitized edition from print [produced by Environment and Climate Change Canada]. |
| 504 | |aIncludes bibliographical references (pages 14-15). |
| 546 | |aIncludes abstracts in English and French. |
| 650 | 0|aSewage|xPurification|xActivated sludge process. |
| 650 | 0|aNitrilotriacetic acid|xBiodegradation. |
| 650 | 0|aMetal complexes|xBiodegradation. |
| 650 | 6|aEaux usées|xÉpuration|xProcédé des boues activées. |
| 650 | 6|aAcide nitrilotriacétique|xBiodégradation. |
| 650 | 6|aComplexes métalliques|xBiodégradation. |
| 710 | 1 |aCanada. |bEnvironmental Protection Service, |eissuing body. |
| 710 | 2 |aWastewater Technology Centre (Canada), |eissuing body. |
| 710 | 1 |aCanada. |bWater Pollution Control Directorate, |eissuing body. |
| 830 | #0|aEnvironmental Protection Service report series.|w(CaOODSP)9.866031 |
| 856 | 40|qPDF|s481 KB|uhttps://publications.gc.ca/collections/collection_2023/eccc/en42/En42-1-4-78-5-eng.pdf |